| 000 | 01851nam0a2200409 4500 | ||
|---|---|---|---|
| 001 | RU\NLR\bibl\1513826 | ||
| 005 | 20250616024215.0 | ||
| 010 |
_a978-5-9920-0108-2 _9500 |
||
| 021 |
_aRU _b2010-27011 _91818 |
||
| 035 | _a(nilc)RSL-KNO-004630732 | ||
| 035 | _a(NLR Aleph) 001505212 | ||
| 090 |
_a45422 _c45422 |
||
| 100 | _a20100412d2009 |||y0rusy50 ca | ||
| 101 | 0 | _arus | |
| 102 | _aRU | ||
| 105 | _ay zzzz||||| | ||
| 200 | 1 |
_aХристиане Востока: культурная самобытность и проблема выживания _fЕ. А. Кривец |
|
| 210 |
_aМосква _cМГУПП _d2009 |
||
| 215 |
_a242 с. _d21 |
||
| 300 | _aНа обороте тит.л. авт.: Кривец Е.А. - к.ист.н. | ||
| 320 | _aБиблиогр.: с. 229-240 (156 назв.) | ||
| 606 | 1 |
_aХристианство _yЕгипет _91364439 _3RU\NLR\auth\66571124 |
|
| 610 | 0 | _aРелигия -- Христианство -- Монофизитство -- Коптская церковь | |
| 610 | 0 | _aИстория. Исторические науки -- История зарубежных стран -- Египет -- Новейшая история (1918- ). Египет в эпоху общего кризиса капитализма -- Период политической независимости (1952- ) -- Отдельные народы -- Копты | |
| 610 | 0 | _aЕгипет | |
| 610 | 0 | _aкопты | |
| 686 |
_aЭ373.2,0 _2rubbk |
||
| 686 |
_aТ3(6Ег9=К)63,02 _2rubbk |
||
| 686 | _aЭ37-39(6Ег) | ||
| 700 | 1 |
_aКривец _bЕ. А. _f1962- _gЕлена Алексеевна _4070 |
|
| 801 | 0 |
_aRU _bРГБ _c20100412 _grcr |
|
| 801 | 1 |
_aRU _bРГБ _c20100412 |
|
| 801 | 2 |
_aRU _bNLR _c20100520 _grcr |
|
| 942 | _cBOOK | ||
| 980 | _aNB | ||